000 00806nam a2200265Ia 4500
003 OSt
005 20221005040326.0
006 a|||||r|||| 00| 0
007 ta
008 221004b |||||||| |||| 00| 0 eng d
020 _a8120802721 (hbk)
_c695
024 _a89314
037 _bIP-19398, 18/03/2008, Motilal Banarsidass
_cTextual
040 _aCRL
_cCRL
_beng
041 _2eng
_aeng
082 _aQ42, P7
100 _aNakamura Hajima
_924334
245 0 _aIndian buddhism
_b a survey with biblographical
260 _aDelhi
_bMotilal Banarsidass India
_c2007
300 _axii,423p.
_ccm.
490 _aBuddhist tradition series
650 _aRELIGION
942 _hQ42, P7
_cTEXL
_2cc
999 _c946715
_d946715